000 00762nas a2200265 4500
001 BR2013001708
003 BR-BrBNA
005 20231205121959.0
007 ta
008 230509b bl.|||p| |||| 00| 00por d
040 _aBR-BrBNA
_bpor
_cBiblioteca Nacional de Agricultura
041 _a(Pt)
072 _aF62
100 1 _aDantas, B.F.
100 1 _aRamos, D.L.D.
245 1 _aGerminação de sementes da caatinga em água biossalina
650 _aTILÁPIA NILÓTICA
650 _aSALINIDADE
650 _aGERMINAÇÃO
650 _aCRESCIMENTO
650 _aCAATINGA
773 0 _tInformativo ABRATES (Brazil)
_xISSN 0103-667X
_g(Dec 2012), v. 22(3) p. 32-35
_wBR2013001708
909 _a202311
_bLúcia
_c55
_dLúcia Elande
942 _2AGRIS
_n0
_cANA
999 _c226267
_d226267